| Tag |
First Indicator |
Second Indicator |
Subfields |
| LEADER |
00000cam a2200000 a 4500 |
| 001 |
in00000645192 |
| 005 |
20151015064545.0 |
| 008 |
781107s1978 mnu 00010 engmd |
| 010 |
|
|
|a 77008871
|
| 020 |
|
|
|z 0930826027.
|
| 020 |
|
|
|a 0930826019 (pbk.)
|
| 035 |
|
|
|a (OCoLC)04353118
|
| 035 |
|
|
|9 ACW3220AM
|
| 040 |
|
|
|a PSP
|c PSP
|d OCL
|d TXA
|d UtOrBLW
|
| 049 |
|
|
|a TXAM
|c [1386010]
|
| 090 |
|
|
|a JX1955
|b .W64
|
| 100 |
1 |
|
|a Wasserman, Miriam Wolf.
|
| 245 |
1 |
0 |
|a Teaching human dignity :
|b social change lessons for everyteacher /
|c Miriam Wolf-Wasserman, Linda Hutchinson.
|
| 264 |
|
1 |
|a Minneapolis, Minn. :
|b Education Exploration Center,
|c 1978.
|
| 300 |
|
|
|a xvii, 331 pages ;
|c 23 cm.
|
| 336 |
|
|
|a text
|b txt
|2 rdacontent
|
| 337 |
|
|
|a unmediated
|b n
|2 rdamedia
|
| 338 |
|
|
|a volume
|b nc
|2 rdacarrier
|
| 504 |
|
|
|a Bibliography : pages 297-317.
|
| 650 |
|
0 |
|a Social change
|x Study and teaching.
|
| 650 |
|
0 |
|a Peace
|x Study and teaching.
|
| 700 |
1 |
|
|a Hutchinson, Linda.
|
| 999 |
|
|
|a MARS
|
| 999 |
f |
f |
|s 8c941dff-7595-3d96-93ac-f83c2e6c5fe2
|i 936908d7-c02b-32db-beec-f32c8a16e7ca
|t 0
|
| 952 |
f |
f |
|p ric
|a Texas A&M University
|b Rellis Campus
|c Joint Library Facility
|d Remote Storage
|t 0
|e JX1955 .W64
|h Library of Congress classification
|i unmediated -- volume
|m A14803139910
|
| 998 |
f |
f |
|a JX1955 .W64
|t 0
|l Remote Storage
|